logo

Bir Sreshtho Munshi Abdur Rouf Library
Jhenaidah Cadet College

নজরুল যখন বেতারে : (Record no. 9177)

MARC details
000 -LEADER
fixed length control field 00725nam a22002417a 4500
001 - CONTROL NUMBER
JCCL Control Number 9177
003 - CONTROL NUMBER IDENTIFIER
JCCL marc code BD-JhCC
005 - DATE AND TIME OF LATEST TRANSACTION
control field 20181001174411.0
008 - FIXED-LENGTH DATA ELEMENTS--GENERAL INFORMATION
fixed length control field 180215s1999 bg a|||| |||| 000 0bben d
020 ## - INTERNATIONAL STANDARD BOOK NUMBER
International Standard Book Number 9845550081
035 ## - SYSTEM CONTROL NUMBER
system control number (BD-JhCC) 9177
040 ## - CATALOGING SOURCE
Original cataloging agency BD-JhCC
Modifying agency BD-JhCC
041 ## - LANGUAGE CODE
Language code of Book ben
082 ## - DEWEY DECIMAL CLASSIFICATION NUMBER
Classification number 780.1
Author mark and Year HAQ 1999
100 ## - MAIN ENTRY--PERSONAL NAME
Personal name হক, আসাদুল
245 ## - TITLE STATEMENT
Title নজরুল যখন বেতারে :
Remainder of title ১৯২৮-১৯৪২ /
Statement of responsibility, etc আসাদুল হক
260 ## - PUBLICATION, DISTRIBUTION, ETC. (IMPRINT)
Place of publication, distribution, etc ঢাকা :
Name of publisher, distributor, etc বাংলাদেশ শিল্পকলা একাডেমী,
Date of publication, distribution, etc 1999.
300 ## - PHYSICAL DESCRIPTION
Pagination 242 p. :
Dimensions 22 cm.
Other physical details ill. ;
650 ## - SUBJECT ADDED ENTRY--TOPICAL TERM
Topical term or geographic name as entry element Musician
650 ## - SUBJECT ADDED ENTRY--TOPICAL TERM
Topical term or geographic name as entry element Rabio
942 ## - ADDED ENTRY ELEMENTS (KOHA)
Source of classification or shelving scheme Dewey Decimal Classification
Koha item type Books
Holdings
Source of classification or shelving scheme Damaged status Not for loan Home library Current library Shelving location Date of accession Cost, normal purchase price Total Checkouts Full call number Barcode Date last seen Copy number Koha item type
Dewey Decimal Classification     JCC Rouf Library JCC Rouf Library General Stacks 03/10/2018 85.00   780.1 HAQ 1999 12277 03/10/2018 C - 1 Books

JCC Library | Contacts | JCC Home

Last Update on 23 September 2017
Copyright @ 2017-2020 JCC Rouf Library
Rouf Library, Jhenidah Cadet College (JCC), Bangladesh